| 000 | 00727nam a2200277Ia 4500 | ||
|---|---|---|---|
| 001 | 18930 | ||
| 005 | 20240113235907.0 | ||
| 007 | ta | ||
| 008 | 060125s1981 g b000 u 465 u | ||
| 020 | _cPB | ||
| 040 | _aCotton College,Assam | ||
| 041 | _a465 | ||
| 082 |
_a327.47073 _bG 346 Si |
||
| 100 | _aGhosh, Partha S.. | ||
| 245 | 0 |
_aSino Soviet Relations / _cPartha S.Ghosh. _hTextual Documents |
|
| 250 | _a1st ed. / | ||
| 260 |
_aNew Delhi : _bUppal Publishing House , _c1981. |
||
| 300 |
_a341p. ; _c22cm. |
||
| 504 | _aindex | ||
| 653 | _aSino Soviet Relations | ||
| 653 | _aRelations-Sino Soviet | ||
| 653 | _aG-Political Science | ||
| 942 |
_2ddc _cBK |
||
| 999 |
_c18912 _d18912 |
||